00327nam a2200121Ia 4500008004100000041000800041082001600049100001600065245004500081260003900126300003300165365000700198240624s9999 xx 000 0 und d aeng a650.144 LAN aLANGDON KEN aKNOCKOUT INTERVIEW ANSWERS HIGH PERFORMA c2006aNew DelhibPearson Education axviii, : 238 : p. : cm. ; 20 cRS